Statistics for Most Irreligious Catholic Countries

Click here to take the quiz!

General Stats

  • This quiz has been taken 77 times
  • The average score is 12 of 15

Answer Stats

Percentage that practice their faithCountries% Correct
37%Italy
93%
41%Poland
90%
21.5%Spain
90%
19%Portugal
88%
7%Austria
87%
11%France
84%
35%Ireland
84%
11%Belgium
82%
26%Slovakia
81%
26%Slovenia
81%
24%Croatia
78%
9%Hungary
69%
36.1%Malta
60%
41%USA
54%
26%Czechia (Czech Republic)
45%

Score Distribution

Percentile by Number Answered

Percent of People with Each Score

Your Score History

You have not taken this quiz